Les bons sabords du capitaine Haddock (mort subite) - Statistiques

Statistiques générales
  • Ce quiz a été pris 31 fois
  • Le résultat moyen est 4 sur 9
Answers on the Grid
Answers color-coded by a green-red scale on the quiz's grid according to % correct below.
Mille milliards de mille millions de mille sabords
Mille sabords de mille milliards
Mille millions de mille sabords
Mille milliards de mille sabords
Mille milliards de mille sabords de tonnerre de Brest
Mille milliards de sabords
Mille sabords de millions
Mille millions de mille milliards de mille sabords
Mille millions de mille milliards de mille sabords de tonnerre de Brest
Mille milliards de mille millions de sabords
Mille millions de mille sabords de tonnerre de Brest
Mille millions de sabords
Mille sabords
 
Statistiques - réponses
Réponse % Correct
Mille milliards de mille sabords
92%
Mille milliards de mille millions de mille sabords
68%
Mille millions de mille sabords
60%
Mille millions de mille sabords de tonnerre de Brest
48%
Mille millions de mille milliards de mille sabords
40%
Mille milliards de mille sabords de tonnerre de Brest
36%
Mille sabords
36%
Mille millions de sabords
28%
Mille millions de mille milliards de mille sabords de tonnerre de Brest
24%
Aucun quiz correspondant
Distribution des résultats
% des personnes avec chaque résultat
Percentile par nombre de réponses
Votre historique - résultats
Vous n’avez pas pris ce quiz